MARC details
| 000 -CABECERA |
| campo de control de longitud fija |
02916cam a2200277 i 4500 |
| 001 - NÚMERO DE CONTROL |
| campo de control |
22887620 |
| 005 - FECHA Y HORA DE LA ÚLTIMA TRANSACCIÓN |
| campo de control |
20250325141807.0 |
| 008 - DATOS DE LONGITUD FIJA--INFORMACIÓN GENERAL |
| campo de control de longitud fija |
221201s2023 nyua b 001 0 eng |
| 010 ## - NÚMERO DE CONTROL DE LA BIBLIOTECA DEL CONGRESO |
| Número de control de LC |
2022056825 |
| 020 ## - NÚMERO INTERNACIONAL ESTÁNDAR DEL LIBRO |
| Número Internacional Estándar del Libro |
9781398607644 |
| Información calificativa |
(paperback) |
| 040 ## - FUENTE DE LA CATALOGACIÓN |
| Centro catalogador/agencia de origen |
DLC |
| Lengua de catalogación |
eng |
| Normas de descripción |
rda |
| Centro/agencia transcriptor |
DLC |
| Centro/agencia modificador |
DLC |
| 042 ## - CÃDIGO DE AUTENTICACIÃN |
| Código de autenticación |
pcc |
| 050 00 - SIGNATURA TOPOGRÁFICA DE LA BIBLIOTECA DEL CONGRESO |
| Número de clasificación |
HF5415 |
| Número de documento/Ítem |
.L3264 2023 |
| 100 ## - ENTRADA PRINCIPAL--NOMBRE DE PERSONA |
| Nombre de persona |
Lawes, Rachel, |
| Término indicativo de función/relación |
author. |
| 9 (RLIN) |
25018 |
| 245 10 - MENCIÓN DE TÍTULO |
| Título |
Using semiotics in marketing |
| Resto del título |
: how to achieve consumer insight for brand growth and profits |
| Mención de responsabilidad, etc. |
/ Rachel Lawes. |
| 250 ## - MENCIÓN DE EDICIÓN |
| Mención de edición |
Second edition. |
| 264 #1 - PRODUCCIÓN, PUBLICACIÓN, DISTRIBUCIÓN, FABRICACIÓN Y COPYRIGHT |
| Producción, publicación, distribución, fabricación y copyright |
London ; New York, NY : |
| Nombre del de productor, editor, distribuidor, fabricante |
Kogan Page, |
| Fecha de producción, publicación, distribución, fabricación o copyright |
2023. |
| 300 ## - DESCRIPCIÓN FÍSICA |
| Extensión |
xx, 340 pages : |
| Otras características físicas |
illustrations ; |
| Dimensiones |
24 cm |
| 504 ## - NOTA DE BIBLIOGRAFÍA, ETC. |
| Nota de bibliografía, etc. |
Includes bibliographical references and index. |
| 505 ## - NOTA DE CONTENIDO CON FORMATO |
| Nota de contenido con formato |
Semiotics will change your career in marketing or market research —<br/>An explosion of semiotics in business —<br/>How to do research using semiotics – A blueprint for marketers —<br/>Images, language and other semiotic signs —<br/>Society, culture and other big influences on consumers —<br/>Creativity and innovation – Semiotic tools for thinking —<br/>How to do semiotic field trips —<br/>Combining semiotics with ethnography and discourse analysis —<br/>Data – insight – strategy —<br/>Sharing the findings of semiotic research —<br/>Industry debates and the future of semiotics —<br/>Inspiration – How to continue teaching yourself to do semiotics —<br/>Consumer needs in the 2020s —<br/>Brands and businesses —<br/>Marketing and communications. |
| 520 ## - SUMARIO, ETC. |
| Sumario, etc. |
Semiotics is a superpower for marketers. It's a proven, powerful method of uncovering consumer insight, tailoring brand strategies that work and generating profit for brands.<br/><br/>Companies such as Unilever and P&G have attested to the success of Lawes semiotics in stimulating innovation and boosting sales. Now newly updated, this second edition is packed with even more revelations about brands, consumers and their emerging needs. Three new chapters reveal the unseen social forces that drive the Be Kind movement, public appetite for sincerity and the emotions of younger generations.<br/><br/>Using Semiotics in Marketing is an acclaimed how-to guide that makes semiotics accessible. It ensures all agency-side and client-side marketers can pick up the skills to use and apply semiotics to brands and is the only book on semiotics ever published that sets out a complete blueprint for research projects. This is your one-stop guide to learn how to write briefs and proposals, design projects, conduct analysis, write reports and present research findings.<br/><br/>Start using semiotics today. Position and launch new brands, rejuvenate established ones, design products and packaging and inspire timely and provocative ad campaigns. See the future. Innovate. |
| Fuente proveedora |
Provided by publisher. |
| 650 #0 - PUNTO DE ACCESO ADICIONAL DE MATERIA--TÉRMINO DE MATERIA |
| Término de materia o nombre geográfico como elemento de entrada |
Marketing |
| Subdivisión general |
Handbooks, manuals, etc. |
| 9 (RLIN) |
1798 |
| 650 #0 - PUNTO DE ACCESO ADICIONAL DE MATERIA--TÉRMINO DE MATERIA |
| Término de materia o nombre geográfico como elemento de entrada |
Semiotics. |
| 9 (RLIN) |
25019 |
| 650 #0 - PUNTO DE ACCESO ADICIONAL DE MATERIA--TÉRMINO DE MATERIA |
| Término de materia o nombre geográfico como elemento de entrada |
Consumers |
| Subdivisión general |
Research. |
| 942 ## - ELEMENTOS DE ENTRADA AGREGADA (KOHA) |
| Fuente del sistema de clasificación o colocación |
Clasificación de Library of Congress |